000 01320nam a2200265 a 4500
001 44800
003 BD-RjUL
005 20211209053923.0
008 160720s1982 bg ||||| |||| 00| 0 ben d
020 _c: Tk. 60.00 (V-2)
035 _a(BD-RjUL)44918
040 _aBD-RjUL
_bben
_cBD-RjUL
041 _aben
082 _223
_a613.9071
_bHAS 1982
100 1 _aহাসনাৎ, আবুল
_9137324
245 1 0 _aসচিত্র যৌন বিজ্ঞান :
_b[মত ও পথ-সমস্যা ও সমাধান] /
_cআবুল হাসনাৎ প্রণীত ও গিরীন্দ্রশেখর বসু লিখিত ভূমিকা-সম্বলিত
250 _aসর্বশেষ সং.
260 _aঢাকা :
_bআহমদ পাবলিশিং,
_c১৯৮২
300 _aখণ্ড :
_bচিত্র ;
_c২০ সেমি.
505 0 _aখণ্ড ২: (জন্মনিয়ন্ত্রণ, অবৈধ গর্ভ, নর-নারীর রতিকৃষ্টি, দম্পতির বিলাসকলা) ---
650 _aযৌন শিক্ষা
_9237676
650 _aSex Education
_9237677
700 _aবসু, গিরীন্দ্রশেখর, ভূমিকার
_9237678
942 _2ddc
_cBK
999 _c44800
_d44800